| 000 | 00622nam a2200181 a 4500 | ||
|---|---|---|---|
| 005 | 20231127063556.0 | ||
| 008 | 991125c1983 mx 000 0 spa u | ||
| 035 | _aUPN01000036792 | ||
| 049 | _aAV | ||
| 099 | _aPVI G 0302 | ||
| 245 | 0 | 0 |
_aMapas : _bsímbolos y términos. |
| 260 |
_aMéxico : _bAIMS MEDIA : _bPelículas Ebesa, _c1983. |
||
| 300 |
_a1 videocasete (VHS) (13 min.) : _bson., col. |
||
| 520 | _aDescribe algunos mapas con diversos símbolos, términos y escalas y señala los diferentes tipos de mapas que existen | ||
| 650 | 4 |
_aCARTAS GEOGRAFICAS _97671 |
|
| 650 | 2 |
_aMapas _95255 |
|
| 905 | _aAudiovisuales | ||
| 999 |
_c36792 _d36792 |
||